000 00949nam a2200277 4500
001 0000020693
003 CO-CtgCURN
005 20250825223112.0
008 160627s2000 000 0 eng d
020 _a8484062244
040 _aCO-CtgCURN
_bspa
_ccoctgcurn
082 0 _a341.4844
_bD87t
100 1 _aDurán, Manuel Lucas.
245 1 3 _aLa tributacion de los dividendos internacionales /
_cManuel Lucas Durán.
260 _aValladolid, España :
_bEditorial Lex Nova,
_c2000.
300 _a379 p.
336 _2rdacontent
337 _2rdamedia
_asin mediacion
_bn
338 _2rdacarrier
_avolumen
_bnc
504 _aBibliografia (p. 355-367)
505 8 _aAspectos introductorios e historicos.--El ambito de aplicacion.--El regimen tributario concreto
650 0 _aHacienda publica.
908 _a160627
942 _cBK
_h341.4844
_iD87t
_2ddc
999 _c49593
_d49593
_x1